| Tag |
First Indicator |
Second Indicator |
Subfields |
| LEADER |
00000cam a22000004a 4500 |
| 001 |
in00002344607 |
| 005 |
20151108061329.0 |
| 008 |
070413s2007 dcuab b 001 0 eng |
| 010 |
|
|
|a 2007015835
|
| 020 |
|
|
|a 9781597971119 (alk. paper)
|
| 020 |
|
|
|a 1597971111 (alk. paper)
|
| 035 |
|
|
|a (OCoLC)ocn123232438
|
| 035 |
|
|
|a (OCoLC)123232438
|
| 040 |
|
|
|a DLC
|c DLC
|d BAKER
|d BTCTA
|d C#P
|d BWX
|d YDXCP
|d TXA
|d UtOrBLW
|
| 043 |
|
|
|a a-kn---
|a a-ko---
|a n-us---
|
| 049 |
|
|
|a TXAM
|
| 050 |
0 |
0 |
|a DS935.65
|b .B44 2007
|
| 082 |
0 |
0 |
|a 355/.03305193
|2 22
|
| 100 |
1 |
|
|a Bechtol, Bruce E.,
|d 1959-
|
| 245 |
1 |
0 |
|a Red rogue :
|b the persistent challenge of North Korea /
|c Bruce E. Bechtol, Jr.
|
| 246 |
3 |
0 |
|a Persistent challenge of North Korea
|
| 250 |
|
|
|a 1st ed.
|
| 264 |
|
1 |
|a Washington, D.C :
|b Potomac Books,
|c [2007]
|
| 264 |
|
4 |
|c ©2007
|
| 300 |
|
|
|a xii, 285 pages :
|b illustrations, maps ;
|c 24 cm.
|
| 336 |
|
|
|a text
|b txt
|2 rdacontent
|
| 337 |
|
|
|a unmediated
|b n
|2 rdamedia
|
| 338 |
|
|
|a volume
|b nc
|2 rdacarrier
|
| 504 |
|
|
|a Includes bibliographical references (pages 261-277) and index.
|
| 505 |
0 |
|
|a North Korea's nuclear program -- North Korea's missiles -- Adjusting to economic realities -- Case study in conventional forces provocations -- Financing a rogue regime -- Preserving the regime -- Countering the North Korean threat -- Civil-military relations in the ROK -- Conclusion.
|
| 651 |
|
0 |
|a Korea (North)
|x Foreign relations.
|
| 651 |
|
0 |
|a Korea (North)
|x Economic policy.
|
| 651 |
|
0 |
|a Korea (North)
|x Military policy.
|
| 650 |
|
0 |
|a Nuclear arms control
|z Korea (North)
|
| 651 |
|
0 |
|a Korea (North)
|x Foreign relations
|z Korea (South)
|
| 651 |
|
0 |
|a Korea (South)
|x Foreign relations
|z Korea (North)
|
| 651 |
|
0 |
|a Korea (North)
|x Foreign relations
|z United States.
|
| 651 |
|
0 |
|a United States
|x Foreign relations
|z Korea (North)
|
| 856 |
4 |
1 |
|3 Table of contents only
|u http://www.loc.gov/catdir/toc/ecip0715/2007015835.html
|t 0
|
| 938 |
|
|
|a Baker & Taylor
|b BKTY
|c 29.95
|d 22.46
|i 1597971111
|n 0007057549
|s active
|
| 938 |
|
|
|a Baker and Taylor
|b BTCP
|n 2007015835
|
| 938 |
|
|
|a Blackwell Book Service
|b BBUS
|n R0667424
|c $29.95
|
| 938 |
|
|
|a YBP Library Services
|b YANK
|n 2517061
|
| 948 |
|
|
|a cataloged
|b h
|c 2007/12/14
|d c
|e vilik
|f 10:47:57 am
|
| 994 |
|
|
|a C0
|b TXA
|
| 999 |
|
|
|a MARS
|
| 999 |
f |
f |
|s 2d778c74-2321-347e-baa8-393a8b225b56
|i fc2a620f-1745-390d-aaaa-9713d3c2cdd9
|t 0
|
| 952 |
f |
f |
|p normal
|a Texas A&M University
|b College Station
|c Sterling C. Evans Library
|d Evans: Library Stacks
|t 0
|e DS935.65 .B44 2007
|h Library of Congress classification
|i unmediated -- volume
|m A14836478246
|
| 998 |
f |
f |
|a DS935.65 .B44 2007
|t 0
|l Evans: Library Stacks
|